000 00624nam a2200181Ia 4500
008 220216s9999 xx 000 0 und d
100 _aOommen Z
245 0 _aDynamic mechanical and thermal properties of physically compatibilized natural rubber/poly(methyl methacrylate) blends by the addition of natural rubber-graft-poly(methyl methacrylate)
260 _bJournal of Polymer Science : Polymer Physics Edition
_c2000
300 _a525-36
500 _aSource Year: 2000
650 _aGraft copolymer
650 _aNatural rubber
700 _aGroeninckx G
700 _aThomas S
856 _uRAPRA
942 _cJS
999 _c57446
_d57446